=LDR 00000nam 2200000 4500 =001 INLIS000000000031504 =005 20130612133554 =008 ***********************************ind** =035 ##$$0010-061300000031504 =041 ##$$a ind =082 ##$$a 028.55 =090 ##$$a 028.55, Nat, k =100 ##$$a NATA, Koko =245 ##$$a Kiwi, , Kaki Besi , Koko Nata;Editor,Abdurahman =260 ##$$a Bestari Kids $b Jakarta =300 ##$$a 31 hlm., , ilus., , 20 cm =650 ##$$a BACAAN KANAK-KANAK =700 ##$$a Abdurrahman =850 ##$$a NBPNMAT =990 ##$$a 11171117 =990 ##$$a 20903888